000 00279nam a22001217a 4500
020 _a8126504528
082 _222
_a005.117
100 _aPender, Tom.
245 _aUML 2 bible /
260 _aUSA,
_bJohn Wiley,
_cc2011.
300 _axxviii, 940p. ;
_bill. ;
_c23 cm.
942 _2ddc
_cIT
999 _c485
_d485